Okonomisk utsyn over aret 1983

Saved in:
Bibliographic Details
Format: Book
Language:Norwegian
Published: Oslo Statistisk sentralbyra 1984
Tags: Add Tag
No Tags, Be the first to tag this record!

MARC

LEADER 00000nam a2200000 4500
001 c115233
005 20221220090750.8
041 0 |a nor 
044 |a NO 
245 1 0 |a Okonomisk utsyn over aret 1983 
264 1 |a Oslo  |b Statistisk sentralbyra  |c 1984 
300 |a 99 s.